<?xml version="1.0" encoding="UTF-8"?>
<record
    xmlns:xsi="http://www.w3.org/2001/XMLSchema-instance"
    xsi:schemaLocation="http://www.loc.gov/MARC21/slim http://www.loc.gov/standards/marcxml/schema/MARC21slim.xsd"
    xmlns="http://www.loc.gov/MARC21/slim">

  <leader>01676nam0a2200349 i 4500</leader>
  <controlfield tag="001">RU\NLR\BIBL_A\010466413</controlfield>
  <controlfield tag="005">20240921101437.0</controlfield>
  <datafield tag="010" ind1=" " ind2=" ">
    <subfield code="a">9785227053992</subfield>
    <subfield code="9">2500</subfield>
  </datafield>
  <datafield tag="021" ind1=" " ind2=" ">
    <subfield code="a">RU</subfield>
    <subfield code="b">2014-50028</subfield>
    <subfield code="9">3023</subfield>
  </datafield>
  <datafield tag="035" ind1=" " ind2=" ">
    <subfield code="a">(NILC)RuMoRGB-007515196</subfield>
  </datafield>
  <datafield tag="035" ind1=" " ind2=" ">
    <subfield code="a">(NLR Aleph) 010466413</subfield>
  </datafield>
  <datafield tag="090" ind1=" " ind2=" ">
    <subfield code="a">10003110</subfield>
    <subfield code="c">10003110</subfield>
  </datafield>
  <datafield tag="100" ind1=" " ind2=" ">
    <subfield code="a">20140924d2014    m  y0rusy50      ca</subfield>
  </datafield>
  <datafield tag="101" ind1="1" ind2=" ">
    <subfield code="a">rus</subfield>
    <subfield code="c">fre</subfield>
  </datafield>
  <datafield tag="102" ind1=" " ind2=" ">
    <subfield code="a">RU</subfield>
  </datafield>
  <datafield tag="105" ind1=" " ind2=" ">
    <subfield code="a">b|||z||||00yy</subfield>
  </datafield>
  <datafield tag="200" ind1="1" ind2=" ">
    <subfield code="a">&#x411;&#x435;&#x441;&#x441;&#x43C;&#x435;&#x440;&#x442;&#x43D;&#x44B;&#x43C; &#x43F;&#x443;&#x442;&#x435;&#x43C; &#x441;&#x432;&#x44F;&#x442;&#x43E;&#x433;&#x43E; &#x418;&#x430;&#x43A;&#x43E;&#x432;&#x430;</subfield>
    <subfield code="e">&#x43E; &#x43F;&#x430;&#x43B;&#x43E;&#x43C;&#x43D;&#x438;&#x447;&#x435;&#x441;&#x442;&#x432;&#x435; &#x43A; &#x43E;&#x434;&#x43D;&#x43E;&#x439; &#x438;&#x437; &#x442;&#x440;&#x435;&#x445; &#x432;&#x435;&#x43B;&#x438;&#x447;&#x430;&#x439;&#x448;&#x438;&#x445; &#x445;&#x440;&#x438;&#x441;&#x442;&#x438;&#x430;&#x43D;&#x441;&#x43A;&#x438;&#x445; &#x441;&#x432;&#x44F;&#x442;&#x44B;&#x43D;&#x44C;</subfield>
    <subfield code="e">&#x43F;&#x443;&#x442;&#x435;&#x432;&#x44B;&#x435; &#x437;&#x430;&#x43C;&#x435;&#x442;&#x43A;&#x438;</subfield>
    <subfield code="f">&#x416;&#x430;&#x43D;-&#x41A;&#x440;&#x438;&#x441;&#x442;&#x43E;&#x444; &#x420;&#x44E;&#x444;&#x435;&#x43D;</subfield>
    <subfield code="g">[&#x43F;&#x435;&#x440;. &#x441; &#x444;&#x440;. &#x418;. &#x410;. &#x41F;&#x435;&#x442;&#x440;&#x43E;&#x432;&#x441;&#x43A;&#x43E;&#x439;]</subfield>
  </datafield>
  <datafield tag="210" ind1=" " ind2=" ">
    <subfield code="a">&#x41C;&#x43E;&#x441;&#x43A;&#x432;&#x430;</subfield>
    <subfield code="c">&#x426;&#x435;&#x43D;&#x442;&#x440;&#x43F;&#x43E;&#x43B;&#x438;&#x433;&#x440;&#x430;&#x444;</subfield>
    <subfield code="d">2014</subfield>
  </datafield>
  <datafield tag="215" ind1=" " ind2=" ">
    <subfield code="a">254, [1] &#x441;.</subfield>
    <subfield code="c">&#x43A;&#x430;&#x440;&#x442;&#x430;</subfield>
    <subfield code="d">21</subfield>
  </datafield>
  <datafield tag="225" ind1="1" ind2=" ">
    <subfield code="a">&#x41F;&#x443;&#x442;&#x435;&#x432;&#x44B;&#x435; &#x437;&#x430;&#x43C;&#x435;&#x442;&#x43A;&#x438;</subfield>
  </datafield>
  <datafield tag="300" ind1=" " ind2=" ">
    <subfield code="a">&#x417;&#x430;&#x433;&#x43B;. &#x438; &#x430;&#x432;&#x442;. &#x43E;&#x440;&#x438;&#x433;.: Immortelle randonne&#xE9; / Jean-Christophe Rufin</subfield>
  </datafield>
  <datafield tag="300" ind1=" " ind2=" ">
    <subfield code="a">&#x41D;&#x430; &#x43E;&#x431;&#x43B;. &#x430;&#x432;&#x442;.: &#x416;&#x430;&#x43D;-&#x41A;&#x440;&#x438;&#x441;&#x442;&#x43E;&#x444; &#x420;&#x44E;&#x444;&#x435;&#x43D;, &#x43B;&#x430;&#x443;&#x440;&#x435;&#x430;&#x442; &#x413;&#x43E;&#x43D;&#x43A;&#x443;&#x440;&#x43E;&#x432;&#x441;&#x43A;&#x43E;&#x439; &#x43F;&#x440;&#x435;&#x43C;&#x438;&#x438;</subfield>
  </datafield>
  <datafield tag="454" ind1=" " ind2="1">
    <subfield code="1">2001#$aImmortelle randonne&#xE9;$fJean-Christophe Rufin</subfield>
    <subfield code="1">700#1$aRufin$bJ.-C.$gJean-Christophe</subfield>
    <subfield code="t">Immortelle randonne&#xE9;</subfield>
    <subfield code="a">Rufin, Jean-Christophe</subfield>
  </datafield>
  <datafield tag="606" ind1="1" ind2=" ">
    <subfield code="a">&#x41F;&#x430;&#x43B;&#x43E;&#x43C;&#x43D;&#x438;&#x447;&#x435;&#x441;&#x442;&#x432;&#x430;</subfield>
    <subfield code="y">&#x421;&#x430;&#x43D;&#x442;&#x44C;&#x44F;&#x433;&#x43E;-&#x434;&#x435;-&#x41A;&#x43E;&#x43C;&#x43F;&#x43E;&#x441;&#x442;&#x435;&#x43B;&#x430;, &#x433;&#x43E;&#x440;&#x43E;&#x434; (&#x418;&#x441;&#x43F;&#x430;&#x43D;&#x438;&#x44F;)</subfield>
    <subfield code="9">2302208</subfield>
    <subfield code="3">RU\NLR\AUTH\661378269</subfield>
  </datafield>
  <datafield tag="686" ind1="2" ind2=" ">
    <subfield code="a">&#x42D;375-39(4&#x418;&#x441;)-576</subfield>
  </datafield>
  <datafield tag="700" ind1=" " ind2="1">
    <subfield code="a">&#x420;&#x44E;&#x444;&#x435;&#x43D;</subfield>
    <subfield code="b">&#x416;.-&#x41A;.</subfield>
    <subfield code="g">&#x416;&#x430;&#x43D;-&#x41A;&#x440;&#x438;&#x441;&#x442;&#x43E;&#x444;</subfield>
  </datafield>
  <datafield tag="801" ind1=" " ind2="0">
    <subfield code="a">RU</subfield>
    <subfield code="b">&#x420;&#x413;&#x411;</subfield>
    <subfield code="c">20140703</subfield>
    <subfield code="g">RCR</subfield>
  </datafield>
  <datafield tag="942" ind1=" " ind2=" ">
    <subfield code="c">BOOK</subfield>
  </datafield>
  <datafield tag="980" ind1=" " ind2=" ">
    <subfield code="a">NBR</subfield>
  </datafield>
</record>
